00502nmm a2200157Ia 4500008004100000020001800041041000800059100002500067245007200092264005500164300001800219650003200237856005100269942000700320999001700327251105s9999||||xx |||||||||||||||||und|| a9789560101778 aspa aMattos, Carlos A. de 0aRevolución urbana : Estado, mercado y capital en América Latina a[Santiago de Chile, Chile] :bRil editores, c2015 a320 páginas aPolitical Science (General) uhttps://public.digitaliapublishing.com/a/39373 cCF c93683d93683